000 00714nam a2200229 i 4500
001 38655
003 ES-MaACL
005 20230906155809.0
007 t|
008 030226s1984 sp f ||||1| spa d
080 _a821.411.21-31"07"
130 0 _aCalila y Dimna.
_9119651
245 1 0 _aCalila e Dimna /
_cedición, introducción y notas de Juan Manuel Cacho Blecua y María Jesús Lacarra.
260 _aMadrid :
_bCastalia,
_c[1984]
300 _a407 p. :
_b5 lám. ;
_c18 cm.
490 1 _aClásicos Castalia
700 1 _aCacho Blecua, Juan Manuel.
_933356
700 1 _aLacarra, María Jesús.
_969330
830 0 _aClásicos Castalia
_9178595
852 _aES-MaACL
_jL-7937
999 _c38655
_d38655